00445nam a2200181Ia 4500008004100000020001800041050001400059100002000073245003300093245003700126260001500163260001600178260000900194300001400203300002700217300001100244500000800255170918s9999 xx 000 0 und d a978043946806x bA898 2002 aAuch, Mary Jane 4aThe princess and the pizza / cby Mary Jane Auch and Herm Auch. aNew York : bScholastic, c2002 aunpaged : bcolored illustration ; c28 cm. a540